№ 3; Почвоведение

Bibliographic Details
Parent link:Почвоведение/ Академия наук СССР (АН СССР). № 3.— , 1899-1915, 1925-1995, 2002-2003, 2005-
Language:Russian
Published: 1941
Format: Book
KOHA link:https://koha.lib.tpu.ru/cgi-bin/koha/opac-detail.pl?biblionumber=487321

MARC

LEADER 00000nam2a2200000 4500
001 487321
005 20231101095045.0
035 |a (RuTPU)RU\TPU\prd\155364 
035 |a RU\TPU\prd\155363 
090 |a 487321 
100 |a 20121017a19419999k y0rusy50 ca 
101 0 |a rus 
102 |a RU 
200 0 |a № 3 
210 |d 1941 
461 1 |0 (RuTPU)RU\TPU\prd\1686  |t Почвоведение  |v № 3  |f Академия наук СССР (АН СССР)  |d 1899-1915, 1925-1995, 2002-2003, 2005- 
801 0 |a RU  |b 63413507  |c 20010227  |g PSBO 
801 1 |a RU  |b 63413507  |c 20020227  |g PSBO 
801 2 |a RU  |b 63413507  |c 20121017  |g PSBO 
942 |c BK 
999 |a НТБ_ТПУ  |b НФ  |e -4/20120110  |p П-731  |u 0,00  |v 1  |x 4021